All Czech Premier League Players Ever - Statistics

General Stats
  • This quiz has been taken 40 times
    5 since last reset
  • The average score is 6 of 31
Answer Stats
Position Clubs Years Player % Correct
GK Chelsea, Arsenal 2004-19 Petr Cech
100%
MID Manchester United 1996-98 Karel Poborsky
50%
GK West Ham 1993-98 Ludek Miklosko
50%
ATT West Brom, Watford, Burnley 2013-14, 2016-17, 2018-22 Matej Vydra
50%
ATT Liverpool, Aston Villa, Portsmouth 2002-08 Milan Baros
50%
MID Liverpool, Portsmouth, Aston Villa 1996-2008 Patrik Berger
50%
GK Newcastle, Sheff Wed, Portsmouth 1993-2000, 2003-04, 2006-07 Pavel Srnicek
50%
GK Spurs, QPR 2004-05, 2007-08, 2011-12 Radek Cerny
50%
MID Arsenal 2006-15 Tomas Rosicky
50%
MID West Ham 2019-present Tomas Soucek
50%
MID Liverpool 1999-2005 Vladimir Smicer
50%
MID West Ham 2021-22 Alex Kral
0%
GK Spurs 2024-present Antonin Kinsky
0%
DEF Newcastle 2007-08 David Rozehnal
0%
GK Fulham 2006-07 Jan Lastuvka
0%
GK QPR 1992-94 Jan Stejskal
0%
MID Chelsea, Birmingham 2004-06 Jiri Jarosik
0%
DEF Wolves 2025-present Ladislav Krejci
0%
ATT Aston Villa 2013-14, 2015-16 Libor Kozak
0%
MID Fulham 2011-12 Marcel Gecov
0%
MID Reading 2007-08 Marek Matejovsky
0%
DEF Birmingham 2010-11 Martin Jiranek
0%
DEF Birmingham 2005-06 Martin Latka
0%
DEF Sunderland 2013-14 Ondrej Celustka
0%
MID West Ham 2008-10 Radoslav Kovac
0%
ATT West Brom 2008-09, 2010-11 Roman Bednar
0%
DEF Chelsea 2013-14 Tomas Kalas
0%
DEF West Ham 2001-03, 2005-06 Tomas Repka
0%
GK Liverpool 2024-25 Vitezslav Jaros
0%
DEF West Ham 2020-25 Vladimir Coufal
0%
DEF Fulham 2011-12 Zdenek Grygera
0%
No matching quizzes found
Score Distribution
Percent of People with Each Score
Percentile by Number Answered
Your Score History
You have not taken this quiz since the last reset